| 000 | 00792cam a22002413a 4500 | ||
|---|---|---|---|
| 001 | 18982 | ||
| 003 | PGUSA | ||
| 005 | 20140828083413.0 | ||
| 008 | 060803s2006||||xxu|||||s|||||000 | eng d | ||
| 040 |
_aPGUSA _beng |
||
| 042 | _adc | ||
| 050 | 4 | _aDP | |
| 100 | 1 |
_aSepúlveda, Christóvam Ayres de Magalhães, _d1857-1930 |
|
| 245 | 1 | 0 |
_aManuel da Maya e os engenheiros militares portugueses no Terramoto de 1755 _h[electronic resource] / _cChristóvam Ayres de Magalhães Sepúlveda |
| 260 |
_bProject Gutenberg, _c2006 |
||
| 506 | _aPublic domain in the USA. | ||
| 516 | _aElectronic text | ||
| 653 | _aMaia, Manuel da, d. 1768 | ||
| 653 | _aLisbon Earthquake, Portugal, 1755 | ||
| 830 | 0 |
_aProject Gutenberg _v18982 |
|
| 856 | 4 | 0 | _uhttp://www.gutenberg.org/ebooks/18982 |
| 942 | _cEB | ||
| 999 |
_c248237 _d248237 |
||